00331nam a22000857a 4500008004100000082001700041245013200058260004500190300001000235230612b xxu||||| |||| 00| 0 eng d a354.676bGOK a2013/2014 Estimates of Recurrent Expenditure of the Government of Kenya for the Year Ending 30th June 2014cGovernment of Kenya aNairobibGovernment of KenyacJune, 2013 a898 p